000
00256nam a22001097a 4500
082
_a
942
_b
MCC
_c
D
100
_a
McCarthy, Justin .
_9
50058
245
_a
Modern England
526
_a
0
_b
0
_c
0
_d
942_000000000000000_MCC
650
_a
MCE
_9
379
942
_2
ddc
_c
BK
999
_c
552807
_d
552807